| 000 | 00997nam a2200193 a 4500 | ||
|---|---|---|---|
| 008 | 120416s1988 ||||||||||||||||| || u | ||
| 020 | _a9982802003 | ||
| 050 | _aHD 1336 Chi | ||
| 100 | _aChipungu, Samuel N | ||
| 245 | 1 | 4 | _aThe state, technology and peasant differentiation in Zambia: a case study of the Southern Province, 1930-1986 |
| 260 |
_aLusaka _bHistorical Association of Zambia _c1988 |
||
| 300 | _axi, 259p. : ill. | ||
| 350 | _a0.00 | ||
| 650 | 0 | _aAGRICULTURE AND STATE--ZAMBIA--SOUTHERN PROVINCE--HISTORY--20th CENTURY | |
| 650 | _aAGRICULTURAL INNOVATIONS--ZAMBIA --SOUTHERN PROVINCE--HISTORY--20TH CENTURY | ||
| 650 | _aPeasantry - Zambia - Southern Province - History - 20th century | ||
| 995 |
_aSPECIAL COLLECTIONS _D0.00 _e725819 _FCBU-MAIN LIBRARY (Kitwe) _H1 _I1500.00 _jZAM HD 1336 Chi _M2 _UAVAILABLE _y018663 _ZZambiana Collection |
||
| 995 |
_aSPECIAL COLLECTIONS _D0.00 _e725820 _FCBU-MAIN LIBRARY (Kitwe) _H2 _I1500.00 _jZAM HD 1336 Chi _M1 _UAVAILABLE _y018661 _ZZambiana Collection |
||
| 999 |
_c76758 _d76758 |
||